Globálna orientácia európskeho retailingu

Analýza európskeho obchodu a charakter a dôsledky globálnych trendov hlavne v oblasti európskeho retailingu. Podstata a význam retailingu. Európske typy retailingu. Súčasnosť a budúcosť európskeho retailingu. Internacionalizácia a postupná globalizácia európskeho retailingu. Koncentrácia, kooperácia...

Full description

Saved in:
Bibliographic Details
Main Author: Čihovská, Viera
Format: Book Chapter
Language:Slovak
Subjects:
Tags: Add Tag
No Tags, Be the first to tag this record!

MARC

LEADER 00000naa a2200000 4500
001 0181655
005 20240502073120.5
041 0 |a slo 
044 |a SK 
245 1 0 |a Globálna orientácia európskeho retailingu  |c Viera Čihovská 
520 |a Analýza európskeho obchodu a charakter a dôsledky globálnych trendov hlavne v oblasti európskeho retailingu. Podstata a význam retailingu. Európske typy retailingu. Súčasnosť a budúcosť európskeho retailingu. Internacionalizácia a postupná globalizácia európskeho retailingu. Koncentrácia, kooperácia a špecializácia európskeho retailingu. 
610 2 0 |a retailing 
610 2 0 |a obchod svetový 
610 2 0 |a podnikanie elektronické 
610 2 0 |a internacionalizácia 
610 2 0 |a marketing 
100 1 |a Čihovská, Viera